| 000 | 00769nam a22002657a 4500 | ||
|---|---|---|---|
| 003 | CHAP | ||
| 005 | 20220329133222.0 | ||
| 008 | 971013s r 00010 d | ||
| 010 | _a3532 | ||
| 011 | _a4504 | ||
| 035 | _a3708 | ||
| 040 | _cCHAP | ||
| 090 | _aFolleto 12779 | ||
| 110 |
_aUniversidad Autónoma de Baja California. Escuela de Capacitación Agrícola _9116304 |
||
| 245 | _aElaboración de chorizo | ||
| 260 |
_a[Méxicali, B.C.] : _bLa Universidad, _c[199?] |
||
| 300 | _aHoja desplegable | ||
| 500 | _aD50-102 | ||
| 590 |
_aBATCH-UPD _b10 _c20130110 _lUCH01 _h2216 |
||
| 590 |
_aCONVERSION _b10 _c20130109 _lUCH01 _h1303 |
||
| 650 | 1 | 4 |
_aChorizo. _922880 |
| 901 | _aBK | ||
| 942 | _cFOLL | ||
| 949 |
_aFolleto 12779 _bBC _cFOLL _d-13233 _eTS1 _i3708 _mD _si |
||
| 999 |
_c3532 _d3532 |
||